ბათუმის შოთა რუსთაველის სახელმწიფო უნივერსიტეტის ბიბლიოთეკა

თანამედროვე ქართული ჭედურობა= Современная Грузинская чеканка=Modern Georgian chased art / (ბიბ.ჩანაწერი № 37502)

000 -ლიდერი
ფიქსირებული სიგრძის საკონტროლო ველი 00944nam a2200217Ia 4500
001 - საკონტროლო ნომერი
საკონტროლო ველი 3465
003 - საკონტროლო ნომრის იდენტიფიკატორი
საკონტროლო ველი GE_BSU
005 - ბოლო ოპერაციის თარიღი და დრო
საკონტროლო ველი 20190604145954.0
008 - ფიქსირებული სიგრძის მონაცემთა ელემენტები - ზოგადი ინფორმაცია
ფიქსირებული სიგრძის საკონტროლო ველი 181216s1986||||ge |||||||||||||| ||geo||
040 ## - კატალოგიზაციის წყარო
Transcribing agency GE_BSU
041 ## - ენის კოდი
Language code of text/sound track or separate title geo
080 ## - უნივერსალური ათობითი კლასიფიკაციის ინდექსი
Universal Decimal Classification number 793(479.22) ი-96
100 ## - მთავარი ჩანაწერი - პიროვნების სახელი
Personal name იუსტინსკაია, ჰენრიეტა
9 (RLIN) 2047
245 ## - ცნობა სათაურის შესახებ
Title თანამედროვე ქართული ჭედურობა= Современная Грузинская чеканка=Modern Georgian chased art /
Statement of responsibility, etc ჰენრიეტა, იუსტინსკაია.
264 ## - წარმოების, გამოცემის, დისტრიბუციის და სხვა ცნობები
გამოცემის, წარმოების, დისტრიბუციის... ადგილი თბილისი :
გამოცემის, წარმოების, დისტრიბუციის... სახელწოდება ხელოვნება,
გამოცემის, წარმოების, დისტრიბუციის... თარიღი 1986.
300 ## - ფიზიკური აღწერა
Extent 134 გვ .:
Dimensions 22 სმ.
504 ## - BIBLIOGRAPHY, ETC. NOTE
Bibliography, etc ბიბლიოგრ.:გვ.120-132
653 ## - INDEX TERM--UNCONTROLLED
Uncontrolled term თანამედროვე ქართული ჭედურობა
653 ## - INDEX TERM--UNCONTROLLED
Uncontrolled term ქართული ჭედურობა.
942 ## - ADDED ENTRY ELEMENTS (KOHA)
Koha item type წიგნი
Source of classification or shelving scheme
ეგზემპლარები
ჩამოწერის სტატუსი დაკარგული ეგზემპლარის სტატუსი კლასიფიკაციის წყარო ან თაროზე გაწყობის სქემა დაზიანების სტატუსი არ გაიცემა მუდმივი მდებარეობა (დაცვის ადგილი) ამჟამინდელი ადგილსამყოფელი თაროზე განთავსების ადგილი შეძენის თარიღი ღირებულება, შესყიდვის ნორმალური ფასი სრული შენახვის შიფრი შტრიხკოდი ბოლო ოპერაციის თარიღი ეგზემპლარის მიმდევრობითი ნომერი (კეტერი?) ფასის ძალაში შესვლის თარიღი ეგზემპლარის სახეობა საჯარო შენიშვნა
          ტექნოლოგიური ფაკულტეტის ბიბლიოთეკა ტექნოლოგიური ფაკულტეტის ბიბლიოთეკა წიგნსაცავი 2018-12-17 4.00 793(479.22) ი-96 10402 2018-12-17 10402 2018-12-17 წიგნი 4 ლ.20 თ.